000 00802nam a2200277Ia 4500
003 OSt
005 20220924123359.0
006 a|||||r|||| 00| 0
007 ta
008 220923b |||||||| |||| 00| 0 tam d
020 _a9788189945107 (pbk)
020 _c40
024 _a244093
037 _b1185, 28/05/2010, Kalachuvadu Pathipagam
_cTextual
040 _aARTS
_cARTS
_btam
041 _2tam
_atam
082 _aO31,1N74x, P7
100 _aAnaar
_9192602
245 0 _aEnakkuk kavitai mukam
260 _aNagercoil
_bKalachuvadu Pathippagam India
_c2007
300 _a55p.
_ccm.
650 _a TAMIL POETRY
650 _aTAMIL LITERATURE
942 _hO31,1N74x, P7
_cTEXL
_2CC
999 _c415489
_d415489